[Event "ESTCC U50 2018"]
[Site "Walbrzych"]
[Date "2018.04.22"]
[Round "9"]
[White "Sirotkina, Nina"]
[Black "Puroila, Sippo"]
[Result "1/2-1/2"]
[WhiteElo "2175"]
[BlackElo "1838"]
[Annotator "NA"]
[PlyCount "45"]
[EventDate "2018.??.??"]
[EventCountry "POL"]
[SourceTitle "playchess.com"]
[Source "ChessBase"]
[SourceQuality "1"]
[WhiteTeam "Russia"]
[BlackTeam "Finland"]
[WhiteTeamCountry "RUS"]
[BlackTeamCountry "FIN"]
[TimeControl "40/5400+30:1800+30"]

{[%evp 10,45,25,32767,32767,15,32767,18,25,0,32767,32767,10,32767,32767,32767,32767,16,32767,32767,32767,32767,32767,0,32767,32767,-11,-26,-14,32767,-17,-52,-22,32767,32767,-16,-11,-39]} 1. d4 Nf6 2. Bf4 g6 3. c3 Bg7 4. Nd2 d5 5. e3 Nbd7 6. Bd3 c5 7. h3 O-O 8. Ngf3 {LiveBook: 8 Games} Re8 9. Ne5 {D02: 1 d4 d5 2 Nf3 sidelines, including 2...Nf6 3 g3 and 2...Nf6 3 Bf4} (9. O-O c4 10. Bc2 b5 11. a4 Ba6 12. Re1 Qb6 13. a5 Qb7 14. Ne5 Rad8 15. Nxd7 Nxd7 16. Nf3 {½-½ (16) Travnicek,P (2235)-Wallrabenstein,U (2150) Arosa 2006}) 9... a6 10. a4 $146 ({Predecessor:} 10. Ndf3 Nxe5 11. Bxe5 Nd7 12. Bxg7 Kxg7 13. O-O e5 14. dxe5 Nxe5 15. Nxe5 Rxe5 16. Qf3 Qe7 {½-½ (42) Roux Cabral,L-Corral,H San Rafael 1951}) 10... Nxe5 11. Bxe5 b6 12. O-O Bb7 13. Qe2 Qd7 14. Rfd1 c4 15. Bc2 b5 16. axb5 axb5 17. e4 Qc6 18. f3 Bh6 19. exd5 Nxd5 20. Nf1 f5 21. Qe1 Bg7 22. Bxg7 Kxg7 23. Qe5+ $15 {Rh8} 1/2-1/2

[Event "ESTCC U50 2018"]
[Site "Walbrzych"]
[Date "2018.04.22"]
[Round "9"]
[White "Burchardt, Brigitte"]
[Black "Lewis, Andrew P"]
[Result "1/2-1/2"]
[WhiteElo "2166"]
[BlackElo "2279"]
[Annotator "NA"]
[PlyCount "23"]
[EventDate "2018.??.??"]
[EventCountry "POL"]
[SourceTitle "playchess.com"]
[Source "ChessBase"]
[SourceQuality "1"]
[WhiteTeam "Germany"]
[BlackTeam "England"]
[WhiteTeamCountry "GER"]
[BlackTeamCountry "ENG"]
[TimeControl "40/5400+30:1800+30"]

{[%evp 9,22,-5,-16,32767,-15,-23,32767,32767,32767,-11,4,-6,0,-6,0]} 1. e4 {[%emt 0:00:00]} c5 {[%emt 0:00:11]} 2. Nf3 {[%emt 0:00:00]} e6 {[%emt 0:00:10]} 3. d3 {[%emt 0:00:13]} Nc6 {[%emt 0:00:42]} 4. g3 {[%emt 0:00:43]} Nf6 {[%emt 0:01:19]} 5. Bg2 {[%emt 0:00:27]} d5 {[%emt 0:00:15]} 6. Nbd2 {[%emt 0:00:07]} Be7 {[%emt 0:00:39]} 7. O-O {[%emt 0:02:00]} b6 {[%emt 0:02:26]} 8. Re1 {[%emt 0:02:58]} Bb7 {[%emt 0:00:38]} 9. c3 {[%emt 0:03:24]} Qc7 {[%emt 0:03:35] LiveBook: 321 Games} 10. Nb3 {[%emt 0:12:26]} O-O {[%emt 0:08:45]} 11. Bf4 {[%emt 0:10:13]} Qd8 $11 {[%emt 0:17:49]} 12. e5 {[%emt 0:13:36]} 1/2-1/2

[Event "ESTCC U50 2018"]
[Site "Walbrzych"]
[Date "2018.04.22"]
[Round "9"]
[White "Pastor Alonso De Prado, Alberto"]
[Black "Ograbek, Grzegorz"]
[Result "1/2-1/2"]
[WhiteElo "2162"]
[BlackElo "2140"]
[Annotator "NA"]
[PlyCount "81"]
[EventDate "2018.??.??"]
[EventCountry "POL"]
[SourceTitle "playchess.com"]
[Source "ChessBase"]
[SourceQuality "1"]
[WhiteTeam "Spain"]
[BlackTeam "Poland"]
[WhiteTeamCountry "ESP"]
[BlackTeamCountry "POL"]
[TimeControl "40/5400+30:1800+30"]

1. e4 {[%emt 0:00:00]} e6 {[%emt 0:00:23]} 2. d4 {[%emt 0:00:00]} d5 {[%emt 0:00:05]} 3. e5 {[%emt 0:00:00]} c5 {[%emt 0:00:06]} 4. c3 {[%emt 0:00:00]} Nc6 {[%emt 0:00:35]} 5. Nf3 {[%emt 0:00:02]} Nge7 {[%emt 0:00:21]} 6. Na3 {[%emt 0:00:14]} cxd4 {[%emt 0:00:51]} 7. cxd4 {[%emt 0:00:11]} Nf5 {[%emt 0:00:15]} 8. Nc2 {[%emt 0:00:08]} Nb4 {[%emt 0:08:38]} 9. Ne3 {[%emt 0:00:09] C02: French: Advance Variation} (9. Nxb4 Bxb4+ 10. Bd2 Bxd2+ 11. Qxd2 Bd7 12. Bd3 Nh4 13. Nxh4 Qxh4 14. Qe3 O-O 15. O-O f6 16. g3 Qh5 17. exf6 Rxf6 {1-0 (35) Shabalov,A (2556)-Ampie,M (2327) Chicago 2017}) 9... Qb6 {[%emt 0:21:28]} 10. Be2 {[%emt 0:03:06]} Bd7 {[%emt 0:00:13]} 11. a3 {[%emt 0:02:01]} Nc6 {[%emt 0:01:07]} 12. Nxf5 {[%emt 0:03:21]} exf5 {[%emt 0:00:05]} 13. h4 $146 {[%emt 0:01:56]} ({Predecessor:} 13. O-O Be7 14. b4 a6 15. Be3 O-O 16. Bd3 g6 17. Re1 f4 18. Bxf4 Nxd4 19. Nxd4 Qxd4 {1-0 (43) Malar,P-Kuna,M Slovakia 1995}) 13... Be7 {[%emt 0:03:25]} 14. b4 {[%emt 0:00:22]} Be6 {[%emt 0:03:23]} 15. Bf4 {[%emt 0:06:16]} Rc8 {[%emt 0:02:07]} 16. g3 {[%emt 0:08:40]} a6 {[%emt 0:02:58]} 17. Rc1 {[%emt 0:03:05]} O-O {[%emt 0:01:10]} 18. O-O {[%emt 0:05:26]} Na7 {[%emt 0:00:34]} 19. Bg5 {[%emt 0:00:17]} Rxc1 {[%emt 0:00:37]} 20. Qxc1 {[%emt 0:00:08]} Rc8 {[%emt 0:00:15]} 21. Qe3 {[%emt 0:01:25]} Bf8 {[%emt 0:00:24]} 22. Rc1 {[%emt 0:00:59]} Rxc1+ {[%emt 0:12:28]} 23. Qxc1 {[%emt 0:00:09]} Bd7 {[%emt 0:00:20]} 24. h5 {[%emt 0:05:43]} h6 {[%emt 0:05:44]} 25. Bf4 {[%emt 0:03:31]} a5 {[%emt 0:05:18]} 26. bxa5 {[%emt 0:01:57]} Qxa5 {[%emt 0:00:13]} 27. Qb1 {[%emt 0:00:13]} b5 {[%emt 0:03:04]} 28. Bd3 {[%emt 0:06:06]} Qxa3 {[%emt 0:01:30]} 29. Nh4 {[%emt 0:00:12]} b4 $15 {[%emt 0:05:33]} 30. Bxf5 {[%emt 0:12:44]} Bxf5 {[%emt 0:02:04]} 31. Nxf5 {[%emt 0:00:43]} Qa6 {[%emt 0:12:44]} 32. Nd6 {[%emt 0:13:05]} Nc6 {[%emt 0:02:31]} 33. Qf5 {[%emt 0:04:31]} Bxd6 {[%emt 0:00:55]} 34. exd6 {[%emt 0:00:14]} b3 {[%emt 0:01:12]} 35. Bc1 {[%emt 0:06:53]} Nxd4 {[%emt 0:02:11]} 36. Qxd5 {[%emt 0:02:37]} Qa1 {[%emt 0:01:47]} 37. Kg2 {[%emt 0:00:14]} Qxc1 {[%emt 0:01:14]} 38. d7 {[%emt 0:04:42]} Ne6 {[%emt 0:00:33]} 39. d8=Q+ {[%emt 0:01:07]} Nxd8 {[%emt 0:00:07]} 40. Qxd8+ {[%emt 0:00:00]} Kh7 {[%emt 0:00:06]} 41. Qd3+ {[%emt 0:00:21]} 1/2-1/2

[Event "ESTCC U50 2018"]
[Site "Walbrzych"]
[Date "2018.04.22"]
[Round "9"]
[White "Viljava, Tapani"]
[Black "Deleyn, Gunter"]
[Result "1/2-1/2"]
[WhiteElo "2162"]
[BlackElo "2200"]
[Annotator "NA"]
[PlyCount "42"]
[EventDate "2018.??.??"]
[EventCountry "POL"]
[SourceTitle "playchess.com"]
[Source "ChessBase"]
[SourceQuality "1"]
[WhiteTeam "Finland"]
[BlackTeam "Belgium"]
[WhiteTeamCountry "FIN"]
[BlackTeamCountry "BEL"]
[TimeControl "40/5400+30:1800+30"]

{[%evp 9,32,25,32767,32767,32767,42,51,32767,32767,28,25,6,34,8,32767,32767,41,31,21,-7,-13,-35,-20,-58,5]} 1. e4 {[%emt 0:00:00]} g6 {[%emt 0:00:09]} 2. d4 {[%emt 0:00:08]} Bg7 {[%emt 0:00:04]} 3. Nc3 {[%emt 0:01:18]} d6 {[%emt 0:00:10]} 4. Nf3 {[%emt 0:00:57]} Nf6 {[%emt 0:01:23]} 5. h3 {[%emt 0:02:30] LiveBook: 1591 Games} a6 {[%emt 0:00:56]} 6. Bf4 {[%emt 0:05:03] B08: Pirc Defence: Classical System} (6. Bd3 O-O 7. O-O Nc6 8. Be3 Nd7 9. Ne2 Nb4 10. Bc4 d5 11. exd5 b5 12. Bb3 Bb7 13. Nf4 Nb6 {0-1 (69) Bokros,A (2482)-Malakhov,V (2691) Antalya 2017}) 6... b5 {[%emt 0:03:21]} 7. e5 {[%emt 0:01:23]} Nfd7 {[%emt 0:00:08]} 8. Bd3 $146 {[%emt 0:07:47]} ({Predecessor:} 8. a4 b4 9. Nd5 Nc6 10. Bc4 O-O 11. Qe2 e6 12. Bg5 Nxd4 13. Bxd8 Nxe2 {1-0 (52) Sokolov,I (2425)-McDonald,N (2495) Groningen 1986}) 8... dxe5 {[%emt 0:17:54]} 9. dxe5 {[%emt 0:00:20]} Nc5 {[%emt 0:00:12]} 10. a4 {[%emt 0:03:28]} b4 {[%emt 0:00:33]} 11. Nd5 {[%emt 0:13:36]} (11. Ne4 $5 {[%cal Re4c5]} Nxd3+ 12. Qxd3 $14 (12. cxd3 O-O $14)) 11... Ne6 {[%emt 0:02:29]} 12. Bg3 {[%emt 0:02:19]} c5 {[%emt 0:05:54]} ({Don't go for} 12... Qxd5 $2 {[#]} 13. Bb5+ $1 {[%mdl 512]} Qc6 14. Bxc6+ $18) 13. Bc4 {[%emt 0:09:53]} Nc6 {[%emt 0:09:12]} 14. Qd3 {[%emt 0:10:44]} O-O {[%emt 0:08:45]} 15. c3 {[%emt 0:01:53]} Ra7 {[%emt 0:03:38]} 16. Qe2 {[%emt 0:09:47]} Rd7 $11 {[%emt 0:11:16]} 17. Rd1 {[%emt 0:09:54]} bxc3 {[%emt 0:02:09]} 18. bxc3 {[%emt 0:00:08]} Na5 {[%emt 0:01:03]} 19. O-O {[%emt 0:04:39]} Nxc4 {[%emt 0:06:48]} 20. Qxc4 {[%emt 0:00:01]} Bb7 {[%emt 0:01:21]} 21. Ne3 {[%emt 0:00:22]} Qc8 {[%emt 0:08:35]} 1/2-1/2

[Event "ESTCC U50 2018"]
[Site "Walbrzych"]
[Date "2018.04.22"]
[Round "9"]
[White "Van Herck, Marcel"]
[Black "Salonen, Jyrki"]
[Result "0-1"]
[WhiteElo "2061"]
[BlackElo "2159"]
[Annotator "NA"]
[PlyCount "44"]
[EventDate "2018.??.??"]
[EventCountry "POL"]
[SourceTitle "playchess.com"]
[Source "ChessBase"]
[SourceQuality "1"]
[WhiteTeam "Belgium"]
[BlackTeam "Finland"]
[WhiteTeamCountry "BEL"]
[BlackTeamCountry "FIN"]
[TimeControl "40/5400+30:1800+30"]

{[%evp 8,40,32,32767,32767,15,32767,21,32767,19,43,32767,32767,32767,32767,32767,32767,32767,32767,32767,32767,32767,-50,-47,-40,32767,-66,-103,-70,32767,-61,-61,-45,-50,-62]} 1. d4 {[%emt 0:00:05]} Nf6 {[%emt 0:00:20]} 2. Nf3 {[%emt 0:02:04]} d6 {[%emt 0:00:27]} 3. Nc3 {[%emt 0:01:41]} Bf5 {[%emt 0:06:12]} 4. Nh4 {[%emt 0:01:35]} Bd7 {[%emt 0:01:57] A46: 1 d4 Nf6 2 Nf3 e6: Torre, London and Colle Systems} 5. e4 {[%emt 0:00:21]} e5 {[%emt 0:01:50]} 6. Nf3 {[%emt 0:00:55] LiveBook: 25 Games} Nc6 {[%emt 0:03:12]} 7. Be2 {[%emt 0:10:06]} (7. h3 exd4 8. Nxd4 Be7 9. g4 Nxd4 10. Qxd4 O-O 11. g5 Ne8 12. h4 {1-0 (35) Ganguly,S (2615)-Harika,D (2505) Doha 2014}) 7... Be7 {[%emt 0:09:45]} 8. O-O {[%emt 0:07:47]} O-O {[%emt 0:02:40]} 9. h3 $146 {[%emt 0:03:43]} ({Predecessor:} 9. dxe5 dxe5 10. Be3 Ng4 11. Bd2 Bc5 12. Qe1 a6 13. Nd5 b5 14. c4 b4 15. Bxb4 Nxb4 16. Nxb4 {1-0 (38) Lauret,A (1470)-Caron,J (1980) Reunion 2004}) 9... h6 {[%emt 0:04:58]} 10. Be3 {[%emt 0:03:20]} exd4 {[%emt 0:11:28]} 11. Nxd4 {[%emt 0:00:16]} Re8 {[%emt 0:01:38]} 12. f4 {[%emt 0:02:34]} Nxe4 {[%emt 0:13:55]} 13. Nxe4 {[%emt 0:00:43]} Bf8 {[%emt 0:00:16]} 14. Bf3 {[%emt 0:14:13]} d5 $1 {[%emt 0:02:40]} 15. Nc3 {[%emt 0:03:51]} Rxe3 {[%emt 0:00:15]} 16. Nxd5 {[%emt 0:00:28]} Re8 {[%emt 0:01:49]} 17. Nxc6 {[%emt 0:02:25]} Bxc6 {[%emt 0:04:18]} 18. c4 {[%emt 0:02:44] [#]} Qd6 {[%emt 0:03:52]} ({Better is} 18... Bd7 $1 $17 19. Nc3 c6) 19. Qd4 {[%emt 0:02:37]} a6 {[%emt 0:05:05]} 20. b3 {[%emt 0:04:52]} Rad8 $15 {[%emt 0:04:48]} 21. g3 {[%emt 0:04:33]} Bd7 {[%emt 0:00:42]} 22. Rfe1 {[%emt 0:07:51]} c6 {[%emt 0:01:17]} 0-1

[Event "ESTCC U50 2018"]
[Site "Walbrzych"]
[Date "2018.04.22"]
[Round "9"]
[White "Wielosz, Jaroslaw"]
[Black "Lopez de Turiso, Jose Angel"]
[Result "1-0"]
[WhiteElo "2038"]
[BlackElo "2064"]
[Annotator "NA"]
[PlyCount "93"]
[EventDate "2018.??.??"]
[EventCountry "POL"]
[SourceTitle "playchess.com"]
[Source "ChessBase"]
[SourceQuality "1"]
[WhiteTeam "Poland"]
[BlackTeam "Spain"]
[WhiteTeamCountry "POL"]
[BlackTeamCountry "ESP"]
[TimeControl "40/5400+30:1800+30"]

1. Nf3 {[%emt 0:00:00]} Nf6 {[%emt 0:00:50]} 2. d4 {[%emt 0:00:00]} d6 {[%emt 0:00:35]} 3. c4 {[%emt 0:00:14]} e5 {[%emt 0:01:28] A53: Old Indian Defence without Nf3} (3... g6 4. g3 Bg7 5. Bg2 c6 6. O-O O-O 7. Nc3 Bf5 8. Ne1 Be6 9. b3 d5 10. Nd3 Ne4 11. Nxe4 dxe4 12. Nc5 Bc8 13. Nxe4 Qxd4 14. Rb1 Qxd1 15. Rxd1 Nd7 16. Ba3 Re8 {1-0 (53) Bu,X (2730)-Rakhmanov,A (2653) Riadh 2017}) 4. dxe5 {[%emt 0:01:39]} Ne4 {[%emt 0:00:09]} 5. Nbd2 {[%emt 0:05:08]} Bf5 {[%emt 0:01:25]} 6. Nxe4 {[%emt 0:01:10]} Bxe4 {[%emt 0:00:07]} 7. Bf4 {[%emt 0:14:11]} d5 $146 {[%emt 0:10:27]} ({Predecessor:} 7... Nc6 8. exd6 cxd6 9. Nd2 Qa5 10. f3 Bg6 11. e4 {0-1 (37) Favarel,C (2092)-Tseveendorj,I (2103) France 2009}) 8. a3 {[%emt 0:06:32]} Be7 {[%emt 0:02:49]} 9. e3 {[%emt 0:02:22]} O-O {[%emt 0:07:19]} 10. Nd2 {[%emt 0:04:48]} Bg6 {[%emt 0:05:56]} 11. Be2 {[%emt 0:01:51]} d4 {[%emt 0:06:37]} 12. Bf3 {[%emt 0:07:20]} dxe3 {[%emt 0:04:09]} 13. Bxe3 {[%emt 0:04:01]} (13. fxe3 $14 Nc6 14. Ne4) 13... Nd7 {[%emt 0:04:26]} 14. Bd4 {[%emt 0:06:55]} Nc5 {[%emt 0:03:40]} 15. Bxc5 $1 {[%emt 0:01:16]} Bxc5 {[%emt 0:00:09]} 16. Nb3 {[%emt 0:04:45]} ({But not} 16. Bxb7 Rb8 $17) 16... Re8 {[%emt 0:09:35]} 17. O-O {[%emt 0:02:46]} ({Much weaker is} 17. Nxc5 $6 Rxe5+ 18. Be2 Rxc5 $11) 17... Rxe5 {[%emt 0:02:35]} 18. Qxd8+ {[%emt 0:03:53]} ({White should try} 18. Bxb7 Qxd1 19. Rfxd1 (19. Raxd1 Rb8 $16)) 18... Rxd8 {[%emt 0:00:02]} 19. Rfe1 {[%emt 0:03:35]} ({Better is} 19. Nxc5 $16 Rxc5 20. Rad1) 19... Rxe1+ {[%emt 0:10:09]} 20. Rxe1 {[%emt 0:00:05]} Bf8 {[%emt 0:00:09]} 21. Bxb7 {[%emt 0:03:01]} Rd3 {[%emt 0:02:02]} 22. Nc1 {[%emt 0:04:49]} Rd2 {[%emt 0:00:52]} 23. b4 {[%emt 0:01:13]} h6 {[%emt 0:01:26]} 24. g3 {[%emt 0:04:33]} Bc2 {[%emt 0:01:23]} 25. Kg2 {[%emt 0:01:25]} a5 {[%emt 0:02:28]} 26. bxa5 {[%emt 0:04:19]} Bxa3 {[%emt 0:01:42]} 27. Re2 {[%emt 0:02:01]} Rxe2 {[%emt 0:02:18]} 28. Nxe2 {[%emt 0:00:07]} Bd3 {[%emt 0:00:31]} 29. Nc3 {[%emt 0:03:47]} Bxc4 {[%emt 0:00:56]} 30. Na4 {[%emt 0:00:40]} Bd6 {[%emt 0:09:45]} 31. a6 {[%emt 0:00:29]} Bxa6 {[%emt 0:00:10]} 32. Bxa6 {[%emt 0:00:06]} g6 {[%emt 0:00:20]} 33. Nc3 {[%emt 0:01:52]} Bb4 {[%emt 0:01:04]} 34. Nd5 {[%emt 0:00:49]} Bd6 {[%emt 0:00:39]} 35. Kf3 {[%emt 0:00:46]} f5 {[%emt 0:01:35]} 36. Bc4 {[%emt 0:01:07]} Kg7 {[%emt 0:00:13]} 37. Nc3 {[%emt 0:01:16]} Bc5 {[%emt 0:01:24]} 38. Ke2 {[%emt 0:00:54]} Bb4 {[%emt 0:00:41]} 39. Nd5 {[%emt 0:00:18]} Bd6 {[%emt 0:00:20]} 40. f3 {[%emt 0:00:00]} c6 {[%emt 0:01:12]} 41. Nc3 {[%emt 0:01:27]} g5 {[%emt 0:01:50]} 42. Be6 {[%emt 0:00:36]} Kf6 {[%emt 0:00:16]} 43. Bd7 {[%emt 0:00:23]} c5 {[%emt 0:02:51]} 44. Kd3 {[%emt 0:00:48]} h5 {[%emt 0:01:51]} 45. Nd5+ {[%emt 0:01:03]} Kg6 {[%emt 0:05:00]} 46. Be8+ $18 {[%emt 0:02:45]} Kh6 {[%emt 0:00:18]} 47. Ne3 {[%emt 0:02:09]} 1-0

[Event "ESTCC U50 2018"]
[Site "Walbrzych"]
[Date "2018.04.22"]
[Round "9"]
[White "Reuben, Stewart"]
[Black "Wagner-Michel, Annett"]
[Result "0-1"]
[WhiteElo "2026"]
[BlackElo "2104"]
[Annotator "NA"]
[PlyCount "54"]
[EventDate "2018.??.??"]
[EventCountry "POL"]
[SourceTitle "playchess.com"]
[Source "ChessBase"]
[SourceQuality "1"]
[WhiteTeam "England"]
[BlackTeam "Germany"]
[WhiteTeamCountry "ENG"]
[BlackTeamCountry "GER"]
[TimeControl "40/5400+30:1800+30"]

1. c4 {[%emt 0:00:00]} e5 {[%emt 0:00:08]} 2. Nc3 {[%emt 0:00:00]} Nf6 {[%emt 0:00:03]} 3. g3 {[%emt 0:00:00]} d5 {[%emt 0:00:15]} 4. cxd5 {[%emt 0:00:08]} Nxd5 {[%emt 0:00:05]} 5. Bg2 {[%emt 0:00:11]} Nb6 {[%emt 0:00:28]} 6. d3 {[%emt 0:00:33] LiveBook: 366 Games} Be7 {[%emt 0:01:05]} 7. f4 {[%emt 0:01:02]} exf4 {[%emt 0:13:52] A22: English Opening: 1...e5 2 Nc3 Nf6} 8. Bxf4 {[%emt 0:00:14]} O-O {[%emt 0:00:11]} 9. Nf3 {[%emt 0:02:53]} Nc6 {[%emt 0:06:58]} (9... c6 10. O-O Na6 11. d4 Nc7 12. e4 Bg4 13. Ne2 Ne6 14. Be3 Nc4 15. Bf2 Bxf3 16. Bxf3 {0-1 (39) Piorun,K (2651)-Nasuta,G (2447) Karlsruhe 2017}) 10. Qd2 {[%emt 0:05:44]} f6 $146 {[%emt 0:02:37]} ({Predecessor:} 10... Re8 11. O-O Bf5 12. h3 Qd7 13. Kh2 Rad8 14. Rad1 Bg6 15. d4 {1-0 (41) Nureev,G (2421)-Khassanov,M (2338) St Petersburg 2000}) 11. O-O {[%emt 0:02:39]} Bc5+ {[%emt 0:03:16]} 12. Be3 $2 {[%emt 0:02:29] [#]} (12. Kh1 $1 $11 {and White has nothing to worry.}) 12... Nc4 $1 {[%emt 0:02:51]} 13. dxc4 {[%emt 0:12:19]} Qxd2 {[%emt 0:00:09]} 14. Nxd2 $2 {[%emt 0:00:08]} (14. Bxc5 Qc2 15. Rfc1) 14... Bxe3+ {[%emt 0:00:05]} 15. Rf2 {[%emt 0:01:58]} Bxd2 {[%emt 0:02:26]} 16. Nd5 {[%emt 0:01:17]} Bb4 {[%emt 0:13:01]} 17. Nxc7 {[%emt 0:07:24]} Rb8 {[%emt 0:00:04]} 18. e3 {[%emt 0:01:51]} Bc5 {[%emt 0:06:39]} 19. Re2 {[%emt 0:02:09]} Bg4 {[%emt 0:01:27]} 20. Ree1 {[%emt 0:01:17]} Ne5 {[%emt 0:03:33]} 21. Bd5+ {[%emt 0:04:04]} Kh8 {[%emt 0:00:28]} 22. Kg2 {[%emt 0:00:39]} Nd3 {[%emt 0:06:51]} 23. Rf1 {[%emt 0:01:30]} Be2 {[%emt 0:02:31]} 24. Rfb1 {[%emt 0:01:17]} Bxe3 {[%emt 0:00:40]} 25. Re1 {[%emt 0:01:11]} Bb6 {[%emt 0:08:15]} 26. Rxe2 {[%emt 0:01:25]} Bxc7 {[%emt 0:00:05]} 27. Re7 {[%emt 0:00:42]} Be5 $19 {[%emt 0:02:07]} ({Inferior is} 27... Nxb2 28. Rxc7 Rfc8 29. Rxc8+ Rxc8 30. Rb1 $11) 0-1

[Event "ESTCC U50 2018"]
[Site "Walbrzych"]
[Date "2018.04.22"]
[Round "9"]
[White "De la Orden Alcocer, Alejandro"]
[Black "Strzelecki, Jerzy"]
[Result "1/2-1/2"]
[WhiteElo "2013"]
[BlackElo "2038"]
[Annotator "NA"]
[PlyCount "52"]
[EventDate "2018.??.??"]
[EventCountry "POL"]
[SourceTitle "playchess.com"]
[Source "ChessBase"]
[SourceQuality "1"]
[WhiteTeam "Spain"]
[BlackTeam "Poland"]
[WhiteTeamCountry "ESP"]
[BlackTeamCountry "POL"]
[TimeControl "40/5400+30:1800+30"]

1. c4 {[%emt 0:00:00]} c5 {[%emt 0:00:36]} 2. Nc3 {[%emt 0:00:09]} Nc6 {[%emt 0:01:07]} 3. g3 {[%emt 0:00:12]} g6 {[%emt 0:00:20]} 4. Bg2 {[%emt 0:00:15]} Bg7 {[%emt 0:00:07]} 5. d3 {[%emt 0:00:58]} d6 {[%emt 0:00:16]} 6. Nf3 {[%emt 0:00:46]} e5 {[%emt 0:01:47]} 7. O-O {[%emt 0:00:18]} Nge7 {[%emt 0:00:10]} 8. Ne1 {[%emt 0:00:26]} Be6 {[%emt 0:00:52]} 9. Nc2 {[%emt 0:00:30]} O-O {[%emt 0:01:08]} 10. Ne3 {[%emt 0:01:21]} Qd7 {[%emt 0:00:31]} 11. Ned5 {[%emt 0:02:01]} Bh3 {[%emt 0:00:38]} 12. Nxe7+ {[%emt 0:00:09] A37: Symmetrical English vs ...g6: 4 Bg2 Bg7 5 Nf3} (12. Rb1 Bxg2 13. Kxg2 f5 14. a3 Rac8 15. f3 Rf7 16. b4 Nxd5 17. Nxd5 Ne7 18. Nxe7+ Rxe7 19. Be3 Qe6 20. bxc5 dxc5 {0-1 (72) Lenderman,A (2611)-Le,Q (2737) chess.com INT 2018}) 12... Nxe7 {[%emt 0:00:24]} 13. e4 {[%emt 0:00:22]} Bxg2 {[%emt 0:00:39]} 14. Kxg2 {[%emt 0:00:02]} f5 {[%emt 0:01:37]} 15. Bg5 $146 {[%emt 0:04:14]} ({Predecessor:} 15. f3 f4 16. g4 h5 17. h3 Kf7 18. Bd2 Rh8 19. Qa4 Nc6 20. Rh1 Rh7 21. Nd5 Rah8 22. Rag1 hxg4 23. hxg4 Rh4 24. Rxh4 Rxh4 25. Qd1 Ne7 {½-½ (25) Sagafos,M (2301)-Lie,K (2523) Gausdal 2006}) 15... Bf6 {[%emt 0:02:01]} 16. Bxf6 {[%emt 0:21:14]} Rxf6 {[%emt 0:00:27]} 17. f3 {[%emt 0:00:44]} Raf8 {[%emt 0:00:22]} 18. Qa4 {[%emt 0:00:24]} Nc6 {[%emt 0:06:56]} 19. Rad1 {[%emt 0:02:00]} Qg7 {[%emt 0:01:59]} 20. Qc2 {[%emt 0:10:42]} Nd4 {[%emt 0:09:06]} 21. Qd2 {[%emt 0:00:53]} fxe4 {[%emt 0:09:44]} 22. fxe4 {[%emt 0:02:22]} Qf7 {[%emt 0:11:54]} (22... Nf3 $5 {[%cal Rf3d2]} 23. Qc1 Qd7 $17) 23. Rxf6 {[%emt 0:04:19]} Qxf6 {[%emt 0:03:42]} 24. Qe3 {[%emt 0:00:13]} Nc2 {[%emt 0:02:08]} 25. Qe2 {[%emt 0:00:14]} Nd4 $11 {[%emt 0:00:30]} 26. Qe3 {[%emt 0:00:07]} Nc2 1/2-1/2

[Event "ESTCC U50 2018"]
[Site "Walbrzych"]
[Date "2018.04.22"]
[Round "9"]
[White "Kierzek, Mira"]
[Black "Scowen, Roger S"]
[Result "1/2-1/2"]
[WhiteElo "2011"]
[BlackElo "1882"]
[Annotator "NA"]
[PlyCount "44"]
[EventDate "2018.??.??"]
[EventCountry "POL"]
[SourceTitle "playchess.com"]
[Source "ChessBase"]
[SourceQuality "1"]
[WhiteTeam "Germany"]
[BlackTeam "England"]
[WhiteTeamCountry "GER"]
[BlackTeamCountry "ENG"]
[TimeControl "40/5400+30:1800+30"]

{[%evp 18,44,36,32767,32767,25,29,27,47,32767,32767,46,47,32767,39,32767,28,32767,32767,2,0,32767,32767,12,7,12,9,6,4]} 1. Nf3 {[%emt 0:00:00]} d5 {[%emt 0:00:15]} 2. d4 {[%emt 0:00:00]} Nf6 {[%emt 0:00:20]} 3. g3 {[%emt 0:00:10]} c6 {[%emt 0:00:38]} 4. Bg2 {[%emt 0:00:10]} e6 {[%emt 0:00:34]} 5. O-O {[%emt 0:00:29]} Be7 {[%emt 0:00:04]} 6. Nbd2 {[%emt 0:01:34]} O-O {[%emt 0:00:09]} 7. c4 {[%emt 0:00:17]} b6 {[%emt 0:02:15]} 8. Qc2 {[%emt 0:00:29]} Bb7 {[%emt 0:03:50]} 9. e4 {[%emt 0:02:49]} dxe4 {[%emt 0:05:35] LiveBook: 49 Games} 10. Nxe4 {[%emt 0:00:51]} Nbd7 {[%emt 0:03:45]} 11. Rd1 {[%emt 0:05:56]} Nxe4 {[%emt 0:04:22]} 12. Qxe4 {[%emt 0:00:07]} Nf6 {[%emt 0:00:16]} 13. Qe2 {[%emt 0:01:40]} Qc8 {[%emt 0:06:01]} 14. b3 {[%emt 0:05:36]} Re8 {[%emt 0:06:15]} 15. Bb2 {[%emt 0:01:14] E09: Closed Catalan: Main Line: 7 Qc2 c6 8 Nbd2} c5 {[%emt 0:05:55]} 16. Rac1 $146 {[%emt 0:04:33]} ({Predecessor:} 16. Ne5 Bxg2 17. Kxg2 Qc7 18. dxc5 Bxc5 19. Rd3 Rad8 20. Rad1 Rd6 21. Rxd6 Bxd6 22. f3 Rd8 {½-½ (32) Simecek,B (2086)-Radeva,V (2214) Prague 2017}) 16... a5 {[%emt 0:07:23]} 17. dxc5 {[%emt 0:09:12]} bxc5 {[%emt 0:10:24]} 18. Ne5 {[%emt 0:07:51]} Bxg2 {[%emt 0:02:14]} 19. Kxg2 {[%emt 0:00:07]} a4 {[%emt 0:01:28]} 20. Qf3 {[%emt 0:01:36]} Ra6 {[%emt 0:05:03]} 21. Rd3 {[%emt 0:07:35]} Qa8 {[%emt 0:00:46]} 22. Rcd1 {[%emt 0:15:05]} Qxf3+ $11 {[%emt 0:01:59] Rc1} 1/2-1/2